| 000 | 00978nam0a22002891 4500 | ||
|---|---|---|---|
| 001 | rc\4152363 | ||
| 005 | 20250611111723.0 | ||
| 021 |
_aRU _b[49-35672] |
||
| 035 | _a(NLR Aleph) 008170804 | ||
| 090 |
_a7853295 _c7853295 |
||
| 100 | _a20130415d1949 |||y0rusy50 ca | ||
| 101 | 0 | _arus | |
| 102 | _aRU | ||
| 105 | _ay z ||||| | ||
| 200 | 1 | _aКак повысить удои коров | |
| 210 |
_a[Воронеж] _cВоронежск. обл. кн-во _d1949 _gОбл. тип. |
||
| 215 |
_a56 с. _d19 |
||
| 225 | 1 | _aБиблиотечка колхозного животновода | |
| 300 | _aПеред загл. авт.: М. Сеземов | ||
| 606 |
_aКоровы _xУход и содержание _2psbo |
||
| 606 |
_aКоровы _xКормление _2psbo |
||
| 700 | 1 |
_aСеземов _bМ.К. _gМихаил Ксенофонтович |
|
| 801 | 0 |
_aRU _bNLR _gpsbo |
|
| 801 | 1 |
_aRU _bELAR _2rusmarc |
|
| 852 |
_aNLR _jС90 Г-4/833 |
||
| 942 | _cBOOK | ||
| 980 | _aNB | ||